| 000 | 00461nam a22001577a 4500 | ||
|---|---|---|---|
| 003 | BD-DhUL | ||
| 005 | 20170822112556.0 | ||
| 008 | 170822snd. ua ||||| |||| 00| 0 ara d | ||
| 040 |
_aBD-DhUL _cBD-DhUL |
||
| 082 |
_a892.71 _bQIS |
||
| 245 | 1 | 0 |
_aقصۃ سارہ والخلیل وھاجرواسماعیل / _b |
| 260 |
_aمصر : _bالمطبعۃ الحمیدیۃ، _c۔ |
||
| 300 |
_aص۔ ۱۶ ؛ _c۱۹ سم۔ |
||
| 650 | 0 | _aArabic poetry | |
| 942 |
_2ddc _cBK |
||
| 999 |
_c213682 _d213682 |
||